000
00267pam a2200133 a 4500
020
_c
041
_h
100
_a
Dr. V. S. Phadake
245
_a
Geography Stad VIII
_h
Textual Documents
260
_c
1994
300
_a
59
653
_a
Geography
930
_a
1108
999
_c
246961
_d
246961